000 00482nam a2200145Ia 4500
003 SGT
082 _a624
_bCMA
100 _aCMA
245 _aCement concrete roads
260 _bCement Manufacturers Association
_aNew Delhi
_c2010
300 _a16p.
650 _aCIVIL ENGINEERING
653 _aROAD NETWORK OF INDIA, INDIAN CEMENT INDUSTRY,CEMENT MANUFACTURERS' ASSOCIATION (CMA)THE CASE FOR CONCRETE PAVEMENTS INITIAL COST CONSTRUCTION ADVANTAGES TO GOVERNMENT
942 _2ddc
_cBK
999 _c5385
_d5385